LEADER 02439nas 2200589- 450 001 996501837103316 005 20240413024050.0 035 $a(OCoLC)62653273 035 $a(CKB)110978979430656 035 $a(CONSER)--2022243649 035 $a(EXLCZ)99110978979430656 100 $a20051216a19829999 o-- - 101 0 $achi 135 $aurmn||||||||| 181 $ctxt$2rdacontent 182 $cc$2rdamedia 183 $acr$2rdacarrier 200 00$a????/#/???? [[Yen K'Uang Ts'E Shih]] 210 1$aBeijing :$cDi zhi chu ban she,$d1982- 215 $a1 online resource 311 08$aPrint version: ????/#/???? [[Yen K'Uang Ts'E Shih]] 0254-5357 (DLC) 89640844 (OCoLC)9382876 330 $a"Rock and Mineral Analysis closely focuses on the development frontier of Earth system science, the latest progress and development trend of natural resource experimental tests. The major aims of the journal are to report the theoretical and method innovation in the field of high precision, sensitivity and spatial-resolution in situmicro analysis technology, isotope analysis technology, element speciation analysis technology, new pollutant analyology, new automatic and green sample processing technology, and important standard material development technology"-- Journal website. 517 $aYANKUANG CESHI 517 $aROCK AND MINERAL ANALYSIS 517 3 $aRock and mineral analysis 517 3 $aActa petrologica mineralogica et analytica 606 $aPetrology$vPeriodicals 606 $aMineralogy, Determinative$vPeriodicals 606 $aGeology$vPeriodicals 606 $aMinerals$vPeriodicals 606 $aRocks$vPeriodicals 606 $aPétrologie$vPériodiques 606 $aMinéralogie déterminative$vPériodiques 606 $aMineralogy, Determinative$2fast$3(OCoLC)fst01022439 606 $aPetrology$2fast$3(OCoLC)fst01059885 608 $aPeriodicals.$2fast 615 0$aPetrology 615 0$aMineralogy, Determinative 615 0$aGeology 615 0$aMinerals 615 0$aRocks 615 6$aPétrologie 615 6$aMinéralogie déterminative 615 7$aMineralogy, Determinative. 615 7$aPetrology. 676 $a450 712 02$aDi zhi chu ban she, 712 02$aZhongguo ke xue ji shu xie hui. 906 $aJOURNAL 912 $a996501837103316 996 $a????$94153036 997 $aUNISA